header

Citizenship papers (Record no. 60809)

MARC details
000 -LEADER
fixed length control field 01299nam a2200361 a 4500
082 04 - DEWEY DECIMAL CLASSIFICATION NUMBER
Classification number 338.1/0973
100 1# - MAIN ENTRY--AUTHOR NAME
Personal name Berry, Wendell,
245 10 - TITLE STATEMENT
Title Citizenship papers
260 ## - PUBLICATION, DISTRIBUTION, ETC. (IMPRINT)
Place of publication Washington, D.C. :
Name of publisher Shoemaker & Hoard,
Year of publication c2003.
300 ## - PHYSICAL DESCRIPTION
Number of Pages 189 p.
500 ## - GENERAL NOTE
General note Previously published articles.
650 #0 - SUBJECT ADDED ENTRY--TOPICAL TERM
Topical Term Agriculture and state
Topical Term Environmental economics.
Topical Term Agriculture
856 40 - ELECTRONIC LOCATION AND ACCESS
Uniform Resource Identifier http://site.ebrary.com/lib/rucke/Doc?id=10320130

No items available.

© 2026 Rongo University
Contact us: librarian | system librarian | Rongo university